Statistiques concernant Pokémon septième génération

Cliquez ici pour prendre le quiz!

Statistiques générales

  • Ce quiz a été pris 160 fois
    (158 depuis la dernière actualisation)
  • Le résultat moyen est 63 sur 81

Statistiques - réponses

NuméroNom% Correct
722Brindibou
96%
727Félinferno
96%
730Oratoria
96%
724Archéduc
95%
791Solgaleo
95%
725Flamiaou
94%
792Lunala
94%
726Matoufeu
94%
728Otaquin
94%
778Mimiqui
91%
723Efflèche
90%
745Lougaroc
89%
729Otarlette
89%
731Picassaut
89%
785Tokorico
89%
788Tokopisco
88%
787Tokotoro
88%
789Cosmog
87%
744Rocabot
87%
777Togedemaru
86%
786Tokopiyon
86%
733Bazoucan
85%
738Lucanon
85%
737Chrysapile
84%
735Argouste
83%
754Floramantis
83%
794Mouscoto
83%
800Necrozma
83%
797Bamboiselle
82%
734Manglouton
82%
732Piclairon
82%
750Bourrinos
81%
758Malamandre
80%
749Tiboudet
80%
741Plumeline
79%
793Zéroïd
79%
795Cancrelove
78%
739Crabagarre
78%
740Crabominable
78%
746Froussardine
78%
753Mimantis
78%
752Tarenbulle
78%
796Câblifère
77%
790Cosmovum
77%
784Ekaïser
77%
799Engloutyran
77%
798Katagami
77%
802Marshadow
77%
743Rubombelle
77%
782Bébécaille
76%
736Larvibule
76%
757Tritox
76%
776Boumata
74%
783Ecaïd
74%
801Magearna
74%
748Prédastérie
74%
765Gouroutan
73%
747Vorastérie
73%
760Chelours
72%
763Sucreine
72%
751Araqua
71%
759Nounourson
71%
767Sovkipou
71%
772Type:0
71%
780Draïeul
70%
768Sarmuraï
70%
742Bombydou
69%
773Silvallié
69%
770Trépassable
69%
761Croquine
68%
779Denticrisse
68%
766Quartermac
68%
769Bacabouh
65%
762Candine
65%
756Lampignon
65%
764Guérilande
63%
774Météno
61%
781Sinistrail
59%
755Spododo
59%
775Dodoala
57%
771Concombaffe
54%

Distribution des résultats

Percentile par nombre de réponses

% des personnes avec chaque résultat

Votre développement - résultats

Vous n’avez pas pris ce quiz depuis la dernière actualisation